000 00302nam a22001337a 4500
008 170608b xxu||||| |||| 00| 0 eng d
020 _a9780155067233
041 _aeng
080 _25TH
_a93
100 _a17
101 _aSHH
245 _aHUMAN EVOLUTION AND PREHISTORY
_cHAVILAND
942 _2udc
_cBK
999 _c16391
_d16391